| 000 | 00998cam a22002534a 4500 | ||
|---|---|---|---|
| 999 |
_c7677 _d7677 |
||
| 003 | OSt | ||
| 005 | 20200317152922.0 | ||
| 008 | 090327s2010 nyua b 000 0 eng | ||
| 020 | _a9781568987835 (alk. paper) | ||
| 040 |
_aDLC _cDLC _dDLC |
||
| 082 | 0 | 0 |
_a720.47 _222 _bLIS |
| 245 | 0 | 0 |
_aDesign ecologies : _bessays on the nature of design / _cLisa Tilder and Beth Blostein, editors ; contributors, Jane Amidon ... [et al.]. |
| 250 | _a1st ed. | ||
| 260 |
_aNew York : _bPrinceton Architectural Press, _c2010. |
||
| 300 |
_a255 p. : _bill. (some col.) ; _c23 cm. |
||
| 650 | 0 |
_aDesign _xEnvironmental aspects. |
|
| 650 | 0 | _aSustainable architecture. | |
| 700 | 1 |
_aTilder, Lisa, _d1968- |
|
| 700 | 1 |
_aBlostein, Beth, _d1968- |
|
| 700 | 1 | _aAmidon, Jane. | |
| 906 |
_a7 _bcbc _corignew _d1 _eecip _f20 _gy-gencatlg |
||
| 942 | _2ddc | ||